[Event "Oberbayern Bezirksliga 1718"]
[Site "Germany"]
[Date "2018.01.21"]
[Round "5.5"]
[White "Liesecke, Christian"]
[Black "Kruckenhauser, Arthur"]
[Result "0-1"]
[WhiteElo "1947"]
[BlackElo "1954"]
[PlyCount "83"]
[EventDate "2017.10.22"]
[EventType "team-tourn"]
[EventRounds "9"]
[EventCountry "GER"]
[SourceTitle "EXT 2019"]
[Source "ChessBase"]
[SourceDate "2018.10.10"]
[SourceVersion "1"]
[SourceVersionDate "2018.10.10"]
[SourceQuality "1"]
[WhiteTeam "Neuburg"]
[BlackTeam "Pang/Rosenheim II"]
[WhiteTeamCountry "GER"]
[BlackTeamCountry "GER"]

1. d4 Nf6 2. c4 c5 3. d5 b5 4. Nd2 bxc4 5. e4 Qa5 6. Qc2 Bb7 7. Bxc4 e6 8. Ngf3 g6 9. 0-0 Bg7 10. Nb3 Qc7 11. Be3 exd5 12. exd5 d6 13. Bd2 0-0 14. Ba5 Qc8 15. Rfe1 Nbd7 16. Rad1 Nb6 17. Bxb6 axb6 18. a3 Qd7 19. Qd3 Nh5 20. Bb5 Qc8 21. Qd2 Qf5 22. Re7 Rab8 23. Rd7 Rfd8 24. Rxd8+ Rxd8 25. Qe2 Bxd5 26. Qe7 Bf6 27. Qe3 Nf4 28. Rxd5 Nxd5 29. Qd2 Nf4 30. g3 Nh3+ 31. Kg2 Ng5 32. Nxg5 Bxg5 33. f4 Bf6 34. Nc1 Qe4+ 35. Kh3 d5 36. Ne2 d4 37. Bd3 Qe3 38. Qc2 Qf2 39. g4 Re8 40. Bc4 Qe3+ 41. Ng3 Qxf4 42. b4 0-1